书目信息 |
| 题名: |
中学梦工厂
|
|
| 作者: | 王革非 , 王正元 著 | |
| 分册: | ||
| 出版信息: | 北京 清华大学出版社 2003.08 |
|
| 页数: | 201页 | |
| 开本: | 20cm | |
| 丛书名: | ||
| 单 册: | ||
| 中图分类: | G635.5 | |
| 科图分类: | ||
| 主题词: | 教育--各级 | |
| 电子资源: | ||
| ISBN: | 7-302-06905-0 | |
| 000 | 00723nam0 2200217 45 | |
| 001 | 0455744217 | |
| 005 | 2004042915290212 | |
| 010 | @a7-302-06905-0@dCNY 18.00 | |
| 100 | @a20040429d2003 km y0chiy0120 ea | |
| 101 | 0 | @achi |
| 102 | @aCN@b110000 | |
| 200 | 1 | @a中学梦工厂@Azhong xue meng gong chang@e提炼给中学生的20项管理法则@f王革非,王正元著@FWang Ge Fei,Wang Zheng Yuan Zhu |
| 210 | @a北京@c清华大学出版社@d2003.08 | |
| 215 | @a201页@d20cm | |
| 517 | @a提炼给中学生的20项管理法则@ATi Lian Gei Zhong Xue Sheng De 20 Xiang Guan Li Fa Ze | |
| 606 | 0 | @a教育@x各级 |
| 690 | @aG635.5@v3 | |
| 701 | 0 | @a王革非@AWang Ge Fei@4著 |
| 701 | 0 | @a王正元@AWang Zheng Yuan@4著 |
| 801 | 0 | @aCN@bPFT@c20040429 |
| 905 | @dG635.5@eW181 | |
| 中学梦工厂:提炼给中学生的20项管理法则/王革非,王正元著.-北京:清华大学出版社,2003.08 |
| 201页;20cm |
| ISBN 7-302-06905-0:CNY 18.00 |
| ● |
| 相关链接 |
|
|
|
正题名:中学梦工厂
索取号:G635.5/W181
 
预约/预借
| 序号 | 登录号 | 条形码 | 馆藏地/架位号 | 状态 | 备注 |
| 1 | 380195 | 203801957 | 社科库409/ [索取号:G635.5/W181] | 在馆 | |
| 2 | 380196 | 203801966 | 社科库409/409社科库 9排2列1层/ [索取号:G635.5/W181] | 在馆 | |
| 3 | 380197 | 203801975 | 社科库409/409社科库 9排2列1层/ [索取号:G635.5/W181] | 在馆 |